Genshin Characters - Easy - Statistiques

Statistiques générales
  • Ce quiz a été pris 175 fois
  • Le résultat moyen est 57 sur 89
Statistiques - réponses
Elements Weapons Réponse % Correct
Inazuma Polearm Raiden Shogun
91%
Mondstadt Bow Venti
91%
Mondstadt Sword Jean
88%
Liyue Polearm Zhongli
82%
Mondstadt Bow Amber
79%
Mondstadt Claymore Diluc
78%
Inazuma Sword Kaedehara Kazuha
78%
Mondstadt Catalyst Lisa
78%
Mondstadt Claymore Noelle
78%
Fontaine Sword Lynette
76%
Fontaine Sword Furina
75%
Mondstadt Catalyst Sucrose
75%
Liyue Polearm Xiao
75%
Natlan Bow Chasca
74%
Inazuma Claymore Arataki Itto
73%
Inazuma Claymore Sayu
73%
Sumeru Bow Collei
72%
Sumeru Catalyst Nahida
72%
Fontaine Claymore Navia
72%
Fontaine Catalyst Neuvillette
72%
Inazuma Bow Gorou
71%
Mondstadt Catalyst Mona
71%
Sumeru Bow Tighnari
71%
Liyue Claymore Beidou
70%
Liyue Polearm Hu Tao
70%
Snezhnaya Bow Tartaglia
70%
Mondstadt Sword Albedo
69%
Mondstadt Sword Kaeya
69%
Fontaine Bow Lyney
69%
Mondstadt Catalyst Barbara
68%
Sumeru Bow Faruzan
68%
Inazuma Catalyst Yae Miko
67%
Mondstadt Bow Fischl
66%
Natlan Polearm Kachina
66%
Mondstadt Catalyst Klee
66%
Inazuma Catalyst Shikanoin Heizou
66%
Natlan Sword Xilonen
66%
Mondstadt Claymore Razor
65%
Mondstadt Sword Bennett
64%
Sumeru Polearm Cyno
64%
Inazuma Sword Kamisato Ayato
64%
Liyue Polearm Yun Jin
64%
Liyue Sword Keqing
63%
Inazuma Catalyst Sangonomiya Kokomi
63%
Liyue Bow Ganyu
62%
Inazuma Sword Kamisato Ayaka
62%
Inazuma Bow Kujou Sara
62%
Natlan Catalyst Mualani
62%
Liyue Sword Xingqiu
62%
Sumeru Sword Alhaitham
61%
Inazuma Bow Yoimiya
61%
Sumeru Polearm Candace
60%
Fontaine Sword Clorinde
60%
Liyue Polearm Shenhe
60%
Sumeru Catalyst Wanderer
60%
Snezhnaya Polearm Arlecchino
59%
Sumeru Claymore Dehya
59%
Mondstadt Claymore Eula
59%
Liyue Claymore Gaming
59%
Sumeru Claymore Kaveh
59%
Natlan Claymore Kinich
59%
Inazuma Sword Kirara
59%
Sumeru Sword Layla
59%
Liyue Polearm Yaoyao
59%
Fontaine Polearm Emilie
58%
Liyue Polearm Xiangling
58%
Fontaine Claymore Freminet
57%
Sumeru Sword Nilou
57%
Liyue Sword Qiqi
57%
Liyue Catalyst Xianyun
57%
Liyue Catalyst Yanfei
57%
Liyue Bow Yelan
57%
Liyue Catalyst Baizhu
56%
Inazuma Polearm Thomas
56%
Fontaine Catalyst Charlotte
55%
Mondstadt Bow Diona
55%
Inazuma Sword Kuki Shinobu
55%
Mondstadt Polearm Mika
55%
Natlan Bow Ororon
55%
Mondstadt Polearm Rosaria
55%
Sumeru Bow Sethos
55%
Liyue Claymore Xinyan
55%
Liyue Claymore Chongyun
54%
Fontaine Catalys Wriothesley
54%
Inazuma Sword Chiori
53%
Sumeru Claymore Dori
53%
Fontaine Bow Sigewinne
48%
Liyue Catalyst Nigguang
28%
Fontaine Polearm Cheuvreuse
27%
Aucun quiz correspondant
Distribution des résultats
% des personnes avec chaque résultat
Percentile par nombre de réponses
Votre historique - résultats
Vous n’avez pas pris ce quiz